000 00496nam a2200181Ia 4500
020 _a(pbk)
082 _a297
_bSID
100 _aSiddiqi, Muhammad Mazharuddin
_937264
245 _aIslam:
_bthe religion of love
260 _aIslamabad
_bDawah Academy,
_c1991
300 _a14p.
_c22cm.
526 _a0
_b0
_c0
_d297_000000000000000_SID
526 _a0
_b0
_c0
_d297_000000000000000_SID
526 _a0
_b0
_c0
_d297_000000000000000_SID
650 _aIslam
650 _aMCE
_9379
942 _2ddc
_cBK
999 _c542174
_d542174